000 00328nam a2200121Ia 4500
008 220901s9999||||xx |||||||||||||| ||und||
082 _a530 MUR
100 _aMurthy, E. N.
245 4 _aThe IUP journal of physics
250 _aVol. 3 (2, 3 & 4) and 4 (1)
260 _bICFAI University Press
_c2010 & 2011
650 _aPhysics
999 _c194011
_d194011